El bachillerato : tiempo de retos y transformación /

Se hace aquí una reflexión sobre algunos de los problemas y las tendencias que caracterizan actualmente a ciertos sectores de la educación media superior en México, en especial a los que forman parte de sistemas universitarios. Se habla de la acción de la izquierda en la preparatoria; de la reforma...

Ful tanımlama

Kaydedildi:
Detaylı Bibliyografya
Materyal Türü: Kitap
Dil:İspanyolca
Baskı/Yayın Bilgisi: Puebla, México : Benemérita Universidad Autónoma de Puebla, 1986
Seri Bilgileri:(Cuadernos de Crítica ; 2)
Konular:
Etiketler: Etiketle
Etiket eklenmemiş, İlk siz ekleyin!

MARC

LEADER 00000nam^a2200000^a^4500
001 000024703
005 20250521000000.0
009 20260310084622.86
037 |a Acervo ITESO - Biblioteca 
041 |a ESP 
082 |a 373. 24  |b UNI 
245 1 3 |a El bachillerato :  |b tiempo de retos y transformación / 
264 1 |a Puebla, México :  |b Benemérita Universidad Autónoma de Puebla,  |c 1986 
300 |a 222 p. 
336 |a texto  |b txt  |2 rdacontenido 
337 |a sin mediación  |b n  |2 rdamedio 
338 |a volumen  |b nc  |2 rdasoporte 
440 1 |a (Cuadernos de Crítica ;  |v 2) 
520 |a Se hace aquí una reflexión sobre algunos de los problemas y las tendencias que caracterizan actualmente a ciertos sectores de la educación media superior en México, en especial a los que forman parte de sistemas universitarios. Se habla de la acción de la izquierda en la preparatoria; de la reforma al bachillerato de la UAP; del bachillerato tecnológico del CONALEP; de la reforma a la Escuela Nacional Preparatoria de la UNAM, en los años cincuenta; de la creación del Colegio de Ciencias y Humanidades en 1971, y otros. 
649 |a XX 
650 |a Educación Media -  |z México 
650 |a Educación y Desarrollo -  |z México 
650 |a Publicaciones Periódicas Mexicanas 
910 |a Fondo General 
920 |a Impresos - Libros 
930 |a Colección General 
905 |a 101 
901 |a 0247030100  |b IT1  |c ACC  |i 024703  |u 20250521 
901 |a 0247030200  |b IT1  |c ACC  |i 903992  |u 20250521 
902 |a https://opac.biblio.iteso.mx/vufind/Record/000024703